Logo BPK

Biblioteka

Politechniki Koszalińskiej

Fundamentals of metal-metal adhesive joint design / (Rekord nr 55043)

Szczegóły MARC
000 -ETYKIETA REKORDU
podpole kontrolne o stałej długości 00885nam a2200277 i 4500
001 - NUMER KONTROLNY REKORDU
pole kontrolne bg
015 ## - NUMER BIBLIOGRAFII NARODOWEJ
Numer bibliografii narodowej PB 1910/2008
020 ## - MIĘDZYNARODOWY ZNORMALIZOWANY NUMER KSIĄŻKI - ISBN
ISBN 8389293110
040 ## - ŹRÓDŁO KATALOGOWANIA
Instytucja, która utworzyła rekord BPK
041 1# - KOD JĘZYKA
Kod języka tekstu eng
Kod języka warstwy słownej nagrania dźwiękowego KOSZ005
Kod języka oryginału pol
044 ## - KOD KRAJU WYDAWCY/PRODUCENTA
Kod kraju wydawcy/producenta POL
080 ## - UNIWERSALNA KLASYFIKACJA DZIESIĘTNA - UKD
UKD 621.791/.795
920 ## - Międzynarodowy znormalizowany numer książki – ISBN
ISBN 83-89293-11-0
008 - POLE O STAŁEJ DŁUGOŚCI - DANE KONTROLNE
podpole kontrolne o stałej długości 070419s2006 pl a |000 0 eng
100 1# - NAZWA OSOBOWA
Nazwa osobowa Kuczmaszewski, Józef
Daty związane z nazwą (1951- ).
245 10 - TYTUŁ/ODPOWIEDZIALNOŚĆ
Tytuł Fundamentals of metal-metal adhesive joint design /
Pozostałe elementy strefy tytułu i oznaczenia odpowiedzialności Józef Kuczmaszewski ; [transl. by Tomasz Bylica ; Politechnika Lubelska].
260 ## - STREFA ADRESU WYDAWNICZEGO
Miejsce wydania Lublin :
Nazwa wydawcy/dystrybutora Lublin University of Technology :
-- Polish Academy of Sciences. Lublin Branch,
Data publikacji, dystrybucji/powstania dokumentu 2006.
300 ## - STREFA OPISU FIZYCZNEGO
Objętość 208 s. :
Inne cechy fizyczne il. ;
Rozmiary 25 cm.
504 ## - UWAGA DOTYCZĄCA BIBLIOGRAFII
Informacje o bibliografii Bibliogr. przy rozdz.
546 ## - UWAGA O JĘZYKU
Uwaga o języku Tł. z pol.
650 #9 - HASŁO PRZEDMIOTOWE W FORMIE NAZWY OGÓLNEJ LUB JEDNOSTKOWEJ
Nazwa ogólna lub geograficzna Adhezja
650 #9 - HASŁO PRZEDMIOTOWE W FORMIE NAZWY OGÓLNEJ LUB JEDNOSTKOWEJ
Nazwa ogólna lub geograficzna Metale
Określnik ogólny technologia
650 #9 - HASŁO PRZEDMIOTOWE W FORMIE NAZWY OGÓLNEJ LUB JEDNOSTKOWEJ
Nazwa ogólna lub geograficzna Połączenia klejowe
Określnik ogólny badanie
700 1# - HASŁO DODATKOWE - NAZWA OSOBOWA
Nazwa osobowa Bylica, Tomasz.
Określenie związku między hasłem a opisywanym materiałem Tł.
856 ## - LOKALIZACJA I DOSTĘP DO ELEKTRONICZNYCH DOKUMENTÓW ZDALNYCH
Link (URL) http://koha.tu.koszalin.pl/cgi-bin/koha/opac-detail.pl?biblionumber=55043
Tekst linku Katalog online BPK
942 ## - DODATKOWE ELEMENTY (KOHA)
Typ dokumentu Książka
Egzemplarze
Wycofany Status egzemplarza Uszkodzony Dostępność Lokalizacja stała Lokalizacja bieżąca Miejsce przechowywania Sygnatura Kod kreskowy Dział Typ dokumentu
      Tylko na miejscu Biblioteka Politechniki Koszalińskiej Biblioteka Politechniki Koszalińskiej Czytelnia BG 87604 02427775 621.791/.795 Spawanie. Inżynieria powierzchni Książka
© 2023 Biblioteka Politechniki Koszalińskiej :: KOHA